[Event "SLO-chT2 East"]
[Site "Slovenia"]
[Date "2014.10.11"]
[Round "5"]
[White "Skuhala, Jernej"]
[Black "Napast, Viktor"]
[Result "0-1"]
[WhiteElo "1948"]
[BlackElo "2046"]
[PlyCount "72"]
[EventDate "2014.09.13"]
[EventType "team-tourn"]
[EventRounds "9"]
[EventCountry "SLO"]
[SourceTitle "EXT 2019"]
[Source "ChessBase"]
[SourceDate "2018.10.10"]
[SourceVersion "1"]
[SourceVersionDate "2018.10.10"]
[SourceQuality "1"]
[WhiteTeam "Pomgrad Radenska III"]
[BlackTeam "Ptuj II"]
[WhiteTeamCountry "SLO"]
[BlackTeamCountry "SLO"]

1. e4 c6 2. d4 d5 3. exd5 cxd5 4. c4 Nf6 5. Nc3 e6 6. Nf3 Be7 7. c5 0-0 8. b4 Ne4 9. Bb2 b6 10. Bd3 Bb7 11. Qc2 f5 12. Ne5 Bf6 13. Nb5 Bxe5 14. dxe5 bxc5 15. Bxe4 fxe4 16. Nd6 Qd7 17. bxc5 Ba6 18. Rd1 Qc7 19. Qc3 Nd7 20. Ba3 Rab8 21. Rc1 Rf4 22. c6 Nb6 23. Qa5 Bd3 24. Nb5 Qxe5 25. c7 Rc8 26. Nd6 e3 27. f3 Qg5 28. g3 Rxf3 29. Nxc8 Nxc8 30. Qa4 Qh5 31. Qd1 Qf5 32. Qe2 Bxe2 33. Kxe2 Rf2+ 34. Kxe3 Rf3+ 35. Kd4 Rxa3 36. Kc5 d4+ 0-1

[Event "SLO-chT2 East"]
[Site "Slovenia"]
[Date "2013.10.12"]
[Round "2"]
[White "Napast, Viktor"]
[Black "Brinovec, Dusan"]
[Result "0-1"]
[WhiteElo "2051"]
[BlackElo "2233"]
[PlyCount "96"]
[EventDate "2013.09.07"]
[EventType "team-tourn"]
[EventRounds "9"]
[EventCountry "SLO"]
[SourceTitle "EXT 2015"]
[Source "ChessBase"]
[SourceDate "2014.11.20"]
[SourceVersion "1"]
[SourceVersionDate "2014.11.20"]
[SourceQuality "1"]

1. e4 e5 2. Nf3 Nc6 3. Bb5 a6 4. Ba4 Nge7 5. 0-0 g6 6. d4 exd4 7. Nxd4 Bg7 8. c3 Nxd4 9. cxd4 b5 10. Bb3 d5 11. exd5 Nxd5 12. Nc3 Nxc3 13. bxc3 0-0 14. Ba3 Re8 15. Qf3 Be6 16. Rfe1 Qd7 17. Bxe6 fxe6 18. Re2 Qd5 19. Qh3 a5 20. Rae1 Ra6 21. Qg3 b4 22. cxb4 axb4 23. Bxb4 Qxd4 24. Qb3 Qd7 25. Qc4 Qc6 26. Rc1 Qxc4 27. Rxc4 Rb8 28. g3 c5 29. Bc3 Rb1+ 30. Re1 Rxe1+ 31. Bxe1 Bd4 32. a4 Rb6 33. Rc2 Rb1 34. Kf1 Ra1 35. a5 Kf7 36. Ke2 e5 37. Bd2 Ra3 38. Bc1 Rxa5 39. Kd3 Ke6 40. f4 exf4 41. Bxf4 Kd5 42. Bc1 Ra4 43. g4 c4+ 44. Ke2 Ke4 45. h4 c3 46. h5 gxh5 47. gxh5 Ra5 48. h6 Rh5 0-1

[Event "SLO-chT2 Ost"]
[Site "Maribor"]
[Date "2009.09.05"]
[Round "5"]
[White "Supancic, Gorazd"]
[Black "Napast, Viktor"]
[Result "1-0"]
[WhiteElo "1989"]
[BlackElo "2054"]
[PlyCount "58"]
[EventDate "2009.05.30"]
[EventType "team-tourn"]
[EventRounds "9"]
[EventCountry "SLO"]
[SourceTitle "EXT 2022"]
[Source "ChessBase"]
[SourceDate "2021.10.06"]
[SourceVersion "1"]
[SourceVersionDate "2021.10.06"]
[SourceQuality "1"]

1. e4 c5 2. Nf3 d5 3. exd5 Qxd5 4. Nc3 Qd8 5. d4 cxd4 6. Qxd4 Bd7 7. Ne5 Nf6 8. Bc4 e6 9. Nxd7 Nfxd7 10. 0-0 Nc6 11. Qf4 Be7 12. Rd1 0-0 13. Be3 Qc8 14. Bb5 a6 15. Ba4 b5 16. Bb3 Bf6 17. Ne4 Bxb2 18. Rab1 Be5 19. Qh4 Nf6 20. Ng5 Rd8 21. Qh3 Re8 22. f4 Bb8 23. f5 Nd8 24. Rxd8 Qxd8 25. fxe6 fxe6 26. Bxe6+ Kf8 27. Rf1 Ke7 28. Bf2 Qd6 29. Re1 Kf8 1-0

[Event "SLO-chT2 East"]
[Site "Brezice Maribor"]
[Date "2008.11.15"]
[Round "9"]
[White "Perus, Danilo"]
[Black "Napast, Viktor"]
[Result "1/2-1/2"]
[WhiteElo "2317"]
[BlackElo "2076"]
[PlyCount "21"]
[EventDate "2008.10.24"]
[EventType "tourn"]
[EventRounds "9"]
[EventCountry "SLO"]
[SourceTitle "EXT 2010"]
[Source "ChessBase"]
[SourceDate "2010.11.25"]
[SourceVersion "1"]
[SourceVersionDate "2010.11.25"]
[SourceQuality "1"]

1. e4 c5 2. Nf3 d6 3. d4 cxd4 4. Nxd4 Nf6 5. Nc3 g6 6. Be3 Bg7 7. Be2 Nc6 8. 0-0 0-0 9. f4 Bd7 10. Kh1 a6 11. Bf3 1/2-1/2

[Event "Ptuj op"]
[Site "Ptuj"]
[Date "2008.08.11"]
[Round "4"]
[White "Skrinjar, Matic"]
[Black "Napast, Viktor"]
[Result "1/2-1/2"]
[WhiteElo "1867"]
[BlackElo "2076"]
[PlyCount "53"]
[EventDate "2008.08.09"]
[EventType "swiss"]
[EventRounds "9"]
[EventCountry "SLO"]
[SourceTitle "CBM 125 Extra"]
[Source "ChessBase"]
[SourceDate "2008.09.01"]
[SourceVersion "1"]
[SourceVersionDate "2008.09.01"]
[SourceQuality "1"]

1. e4 c5 2. c3 d5 3. exd5 Qxd5 4. d4 e6 5. Nf3 cxd4 6. cxd4 Nf6 7. Nc3 Bb4 8. Bd3 0-0 9. 0-0 Qd8 10. Bg5 Be7 11. Qe2 Bd7 12. Rfd1 Bc6 13. Ne5 Bd5 14. Bxf6 Bxf6 15. Nxd5 exd5 16. Qh5 g6 17. Qf3 Bg7 18. Bb5 Qd6 19. Re1 Nc6 20. Bxc6 bxc6 21. Rac1 Rac8 22. Qc3 Bxe5 23. Rxe5 Rfe8 24. Rce1 Qd7 25. h3 Rxe5 26. Rxe5 Re8 27. Qe3 1/2-1/2

[Event "SLO-chT2 East"]
[Site "Brezice Maribor"]
[Date "2008.05.24"]
[Round "1"]
[White "Kukovec, Borut"]
[Black "Napast, Viktor"]
[Result "0-1"]
[WhiteElo "2228"]
[BlackElo "2076"]
[PlyCount "43"]
[EventDate "2008.10.24"]
[EventType "tourn"]
[EventRounds "9"]
[EventCountry "SLO"]
[SourceTitle "EXT 2010"]
[Source "ChessBase"]
[SourceDate "2010.11.25"]
[SourceVersion "1"]
[SourceVersionDate "2010.11.25"]
[SourceQuality "1"]

1. Nf3 d5 2. g3 Nf6 3. Bg2 g6 4. 0-0 Bg7 5. d4 0-0 6. c4 c6 7. cxd5 cxd5 8. Nc3 Nc6 9. Ne5 Bf5 10. Nxc6 bxc6 11. Bf4 Nh5 12. Be3 Qd7 13. Na4 e5 14. dxe5 Bxe5 15. Rc1 Rfc8 16. Qd2 Qe7 17. Rfe1 Rab8 18. Bc5 Qf6 19. b3 Rb7 20. Red1 Rd7 21. Bd4 Ng7 22. Rc3 0-1

[Event "SLO-chT2 East"]
[Site "Brezice Maribor"]
[Date "2008.05.24"]
[Round "2"]
[White "Napast, Viktor"]
[Black "Hrvacic, Pavle"]
[Result "1/2-1/2"]
[WhiteElo "2076"]
[BlackElo "2296"]
[PlyCount "20"]
[EventDate "2008.10.24"]
[EventType "tourn"]
[EventRounds "9"]
[EventCountry "SLO"]
[SourceTitle "EXT 2010"]
[Source "ChessBase"]
[SourceDate "2010.11.25"]
[SourceVersion "1"]
[SourceVersionDate "2010.11.25"]
[SourceQuality "1"]

1. e4 e5 2. Nf3 Nc6 3. Bc4 Nf6 4. 0-0 Be7 5. d4 Nxe4 6. Nxe5 Nxe5 7. dxe5 0-0 8. Be3 Nc5 9. b4 Na6 10. a3 d6 1/2-1/2

[Event "SLO-chT2 East"]
[Site "Brezice Maribor"]
[Date "2007.11.17"]
[Round "9"]
[White "Mitrovic, Boris"]
[Black "Napast, Viktor"]
[Result "1/2-1/2"]
[WhiteElo "2044"]
[BlackElo "2068"]
[PlyCount "97"]
[EventDate "2007.05.26"]
[EventType "tourn"]
[EventRounds "9"]
[EventCountry "SLO"]
[SourceTitle "EXT 2010"]
[Source "ChessBase"]
[SourceDate "2010.11.25"]
[SourceVersion "1"]
[SourceVersionDate "2010.11.25"]
[SourceQuality "1"]

1. b3 Nf6 2. Bb2 d5 3. Nf3 Bg4 4. h3 Bh5 5. e3 e6 6. d4 Be7 7. Be2 0-0 8. 0-0 Nbd7 9. c4 c6 10. Ne5 Bxe2 11. Qxe2 Ne4 12. Nd2 Nxd2 13. Qxd2 Nxe5 14. dxe5 dxc4 15. Qxd8 Rfxd8 16. bxc4 Rd2 17. Bc3 Rd3 18. Rfc1 Ba3 19. Rc2 Rxc3 20. Rxc3 Bb2 21. Rac1 Rd8 22. R1c2 Bxc3 23. Rxc3 b6 24. Ra3 Rd7 25. Ra6 Kf8 26. c5 Rb7 27. cxb6 axb6 28. Kf1 Ke7 29. Ke2 Kd7 30. Kd3 f6 31. f4 fxe5 32. fxe5 Ke7 33. a4 Kf7 34. Kc4 Kg6 35. a5 bxa5 36. g4 Kg5 37. Rxc6 Kh4 38. Rxe6 Kxh3 39. Ra6 Kxg4 40. Kd5 h5 41. Kc6 Rb3 42. e4 Re3 43. Kd7 Rxe4 44. e6 g5 45. e7 Rxe7+ 46. Kxe7 h4 47. Rxa5 Kh3 48. Rxg5 Kh2 49. Kf6 1/2-1/2

[Event "Ptuj op"]
[Site "Ptuj"]
[Date "2007.08.18"]
[Round "8"]
[White "Napast, Viktor"]
[Black "Bohak, Janko"]
[Result "1-0"]
[WhiteElo "2068"]
[BlackElo "2158"]
[PlyCount "47"]
[EventDate "2007.08.12"]
[EventType "swiss"]
[EventRounds "9"]
[EventCountry "SLO"]
[SourceTitle "CBM 119 Extra"]
[Source "ChessBase"]
[SourceDate "2007.09.04"]
[SourceVersion "1"]
[SourceVersionDate "2007.09.04"]
[SourceQuality "1"]

1. e4 e6 2. c4 c5 3. Nf3 Nc6 4. d4 cxd4 5. Nxd4 Nf6 6. Nc3 Bb4 7. f3 Nxe4 8. Nxc6 bxc6 9. fxe4 Qh4+ 10. Kd2 Qxe4 11. Qf3 Qd4+ 12. Kc2 0-0 13. Be3 Qe5 14. Bd2 d5 15. Re1 Qc7 16. Nxd5 cxd5 17. Bxb4 Rd8 18. Kb1 a5 19. Bc3 f6 20. Bd3 d4 21. Qxa8 dxc3 22. Qe4 Qb6 23. Re2 f5 24. Qe3 1-0

[Event "Ptuj op"]
[Site "Ptuj"]
[Date "2007.08.17"]
[Round "7"]
[White "Novak, Ksenija"]
[Black "Napast, Viktor"]
[Result "1-0"]
[WhiteElo "2180"]
[BlackElo "2068"]
[PlyCount "83"]
[EventDate "2007.08.12"]
[EventType "swiss"]
[EventRounds "9"]
[EventCountry "SLO"]
[SourceTitle "CBM 119 Extra"]
[Source "ChessBase"]
[SourceDate "2007.09.04"]
[SourceVersion "1"]
[SourceVersionDate "2007.09.04"]
[SourceQuality "1"]

1. e4 c5 2. Nf3 d5 3. exd5 Qxd5 4. Nc3 Qd8 5. d4 cxd4 6. Qxd4 Bd7 7. Bc4 e6 8. Nb5 Nc6 9. Nd6+ Bxd6 10. Qxd6 Qe7 11. Bf4 Qxd6 12. Bxd6 Nf6 13. 0-0 Ne4 14. Ba3 0-0-0 15. Rfe1 Nf6 16. Rad1 h6 17. b4 a6 18. Bb3 Ne8 19. c4 Nc7 20. Nd2 f5 21. Nf3 Rhe8 22. Bb2 Re7 23. a3 Rde8 24. Be5 Nxe5 25. Nxe5 g5 26. Rd2 Rg8 27. Red1 Rgg7 28. c5 Nd5 29. Bxd5 exd5 30. Rxd5 Ba4 31. Re1 Re6 32. f4 Rge7 33. g3 gxf4 34. gxf4 Bb3 35. Rd3 Bc2 36. Rd6 Be4 37. Rxe6 Rxe6 38. Kf2 Re8 39. Rg1 h5 40. h4 Rf8 41. Rg5 Rh8 42. Nf7 1-0

[Event "SLO-ch 15th"]
[Site "Ptuj"]
[Date "2005.08.13"]
[Round "2"]
[White "Jeric, Simon"]
[Black "Napast, Viktor"]
[Result "1/2-1/2"]
[WhiteElo "2326"]
[BlackElo "2045"]
[PlyCount "108"]
[EventDate "2005.08.12"]
[EventType "swiss"]
[EventRounds "9"]
[EventCountry "SLO"]
[SourceTitle "CBM 107 Extra"]
[Source "ChessBase"]
[SourceDate "2005.09.01"]
[SourceVersion "1"]
[SourceVersionDate "2005.09.01"]
[SourceQuality "1"]

1. e4 c5 2. c3 Nf6 3. e5 Nd5 4. Nf3 g6 5. Bc4 Nb6 6. Bb3 Bg7 7. 0-0 0-0 8. d4 c4 9. Bc2 Nc6 10. Nbd2 d6 11. Qe2 d5 12. h3 h6 13. Re1 Be6 14. Nf1 Qc7 15. Nh4 Bd7 16. f4 e6 17. g4 Qd8 18. Qf2 Ne7 19. Ng3 f5 20. exf6 Rxf6 21. Qg2 Kh7 22. Bd2 Qg8 23. Rf1 Raf8 24. Rae1 Nbc8 25. f5 exf5 26. gxf5 Nxf5 27. Ngxf5 Bxf5 28. Bxf5 gxf5 29. Bf4 Bh8 30. Re5 Qxg2+ 31. Kxg2 Rb6 32. Rxd5 Rxb2+ 33. Rf2 Rxf2+ 34. Kxf2 Nb6 35. Rxf5 Rxf5 36. Nxf5 Nd5 37. Bd2 b5 38. Nd6 b4 39. cxb4 Bxd4+ 40. Ke2 c3 41. Nb5 Be5 42. Bc1 Nxb4 43. a3 Na2 44. Kd1 a6 45. Na7 Nxc1 46. Kxc1 Kg6 47. Nc6 Bd6 48. a4 Kf5 49. Kc2 Kf4 50. Kxc3 Kg3 51. Kd3 Kxh3 52. Nd4 h5 53. Nf5 Bc5 54. Ke4 Kg4 1/2-1/2

[Event "SLO-chT Cup"]
[Site "Gostovanja"]
[Date "2004.09.19"]
[Round "3.3"]
[White "Napast, Viktor"]
[Black "Justin, Matjaz"]
[Result "0-1"]
[WhiteElo "2045"]
[BlackElo "2372"]
[PlyCount "68"]
[EventDate "2004.04.18"]
[EventType "team-tourn"]
[EventRounds "4"]
[EventCountry "SLO"]
[SourceTitle "EXT 2008"]
[Source "ChessBase"]
[SourceDate "2007.11.25"]
[SourceVersion "1"]
[SourceVersionDate "2007.11.25"]
[SourceQuality "1"]

1. e4 c5 2. Nc3 e6 3. g3 Nc6 4. Bg2 g6 5. d3 Bg7 6. Be3 d6 7. Qd2 Rb8 8. Nf3 Nd4 9. 0-0 b5 10. Nh4 b4 11. Nd1 Bf6 12. c3 g5 13. cxd4 cxd4 14. Nf3 dxe3 15. Nxe3 h5 16. e5 dxe5 17. Nc4 Rb5 18. Nfxe5 Rxe5 19. Nxe5 Bxe5 20. Bc6+ Kf8 21. Qxb4+ Ne7 22. Bg2 Kg7 23. Rfe1 Bd4 24. Rac1 e5 25. Rc4 Be6 26. Rc2 h4 27. Qd2 hxg3 28. Qxg5+ Ng6 29. Qxg3 Rh5 30. h4 Rxh4 31. Re4 Rh5 32. Kf1 Rg5 33. Qh2 Bd5 34. Rxd4 exd4 0-1

[Event "SLO-chT2"]
[Site "Slovenia"]
[Date "2002.??.??"]
[Round "6"]
[White "Karnar, Marijan"]
[Black "Napast, Viktor"]
[Result "1-0"]
[WhiteElo "2254"]
[BlackElo "2073"]
[PlyCount "97"]
[EventDate "2002.04.07"]
[EventType "team-tourn"]
[EventRounds "9"]
[EventCountry "SLO"]
[SourceTitle "EXT 2005"]
[Source "ChessBase"]
[SourceDate "2004.11.15"]
[SourceVersion "1"]
[SourceVersionDate "2004.11.15"]
[SourceQuality "1"]

1. Nf3 d5 2. b3 c5 3. e3 Nf6 4. Bb5+ Bd7 5. Bxd7+ Nbxd7 6. Bb2 Qc7 7. d3 e5 8. Nbd2 Be7 9. e4 dxe4 10. dxe4 0-0 11. Qe2 Ne8 12. Nc4 f6 13. 0-0 Nd6 14. Nfd2 Rfd8 15. a4 Nxc4 16. Nxc4 Nf8 17. Ne3 Qc6 18. Qc4+ Ne6 19. Rfd1 Kf8 20. c3 Rac8 21. f3 a6 22. a5 Nc7 23. Nd5 Nxd5 24. exd5 Qd6 25. Qe4 Kg8 26. c4 Rb8 27. Re1 Bf8 28. Bc3 Rdc8 29. Qg4 Re8 30. Re2 Re7 31. h4 b6 32. axb6 Rxb6 33. Ra3 Reb7 34. Rb2 Qd7 35. Qxd7 Rxd7 36. Ba5 Rb8 37. Bd2 Rdb7 38. f4 Rb6 39. Ba5 R6b7 40. fxe5 fxe5 41. Bc3 e4 42. Be5 Re8 43. Bg3 e3 44. Rxa6 e2 45. Re6 Rxe6 46. dxe6 Be7 47. Rxe2 Rxb3 48. Ra2 g6 49. Be5 1-0

[Event "SLO-chT2"]
[Site "Slovenia"]
[Date "2002.??.??"]
[Round "3"]
[White "Napast, Viktor"]
[Black "Stanic, Vitko"]
[Result "1-0"]
[WhiteElo "2073"]
[BlackElo "1835"]
[PlyCount "91"]
[EventDate "2002.04.07"]
[EventType "team-tourn"]
[EventRounds "9"]
[EventCountry "SLO"]
[SourceTitle "EXT 2005"]
[Source "ChessBase"]
[SourceDate "2004.11.15"]
[SourceVersion "1"]
[SourceVersionDate "2004.11.15"]
[SourceQuality "1"]

1. e4 c5 2. Nc3 Nc6 3. g3 Nf6 4. Bg2 d6 5. Nf3 e6 6. 0-0 Be7 7. d4 cxd4 8. Nxd4 a6 9. Nxc6 bxc6 10. e5 Nd5 11. exd6 Qxd6 12. Ne4 Qc7 13. c4 Nf6 14. Nc3 Bb7 15. Be3 0-0 16. Qb3 Rac8 17. Bb6 Qb8 18. Rfd1 Ba8 19. Rd2 c5 20. Bxa8 Qxa8 21. a4 Qc6 22. Rad1 h6 23. a5 Qf3 24. Rd3 Qf5 25. Kg2 h5 26. h4 Ng4 27. Rf3 Qg6 28. Ne2 Bf6 29. Kg1 Qe4 30. Rd2 Ne5 31. Rf4 Qb1+ 32. Kg2 Qg6 33. f3 Nc6 34. Bxc5 Rfd8 35. Rxd8+ Rxd8 36. Re4 Rd2 37. Qb6 Be5 38. Rxe5 Nxe5 39. Qb8+ Kh7 40. Qxe5 Qf5 41. Qxf5+ exf5 42. Kf2 Rxb2 43. Bb6 f6 44. c5 Rc2 45. Ke3 Rb2 46. c6 1-0

[Event "SLO-ch U20"]
[Site "Kranj"]
[Date "1999.??.??"]
[Round "?"]
[White "Borisek, Jure"]
[Black "Napast, Viktor"]
[Result "0-1"]
[WhiteElo "2127"]
[BlackElo "2125"]
[PlyCount "58"]
[EventDate "1999.??.??"]
[EventType "swiss"]
[EventRounds "9"]
[EventCountry "SLO"]
[SourceTitle "EXT 2000"]
[Source "ChessBase"]
[SourceDate "1999.11.16"]
[SourceVersion "1"]
[SourceVersionDate "1999.11.16"]
[SourceQuality "1"]

1. e4 c5 2. Nf3 d6 3. d4 cxd4 4. Nxd4 Nf6 5. Nc3 g6 6. f4 Qa5 7. Nb3 Qc7 8. Be2 Nc6 9. 0-0 Bg7 10. Be3 0-0 11. Kh1 b6 12. Bf3 Bb7 13. a4 Rac8 14. Nd5 Qb8 15. c3 e6 16. Nxf6+ Bxf6 17. f5 Ne5 18. fxe6 fxe6 19. Bg4 Rce8 20. Nd4 Nxg4 21. Qxg4 Qa8 22. Nxe6 Bc8 23. Nxf8 Bxg4 24. Nxg6 Qxe4 25. Rxf6 Qxe3 26. Raf1 Qg5 27. h4 Qh5 28. Rf8+ Rxf8 29. Nxf8 Bf5 0-1

[Event "SLO-ch U20"]
[Site "Kranj"]
[Date "1999.??.??"]
[Round "?"]
[White "Napast, Viktor"]
[Black "Pahor, Milos"]
[Result "0-1"]
[WhiteElo "2125"]
[BlackElo "2093"]
[PlyCount "50"]
[EventDate "1999.??.??"]
[EventType "swiss"]
[EventRounds "9"]
[EventCountry "SLO"]
[SourceTitle "EXT 2000"]
[Source "ChessBase"]
[SourceDate "1999.11.16"]
[SourceVersion "1"]
[SourceVersionDate "1999.11.16"]
[SourceQuality "1"]

1. e4 c5 2. Nc3 Nc6 3. g3 e6 4. Bg2 Nf6 5. Nf3 d5 6. exd5 exd5 7. d4 cxd4 8. Nxd4 Be7 9. 0-0 0-0 10. Bf4 a6 11. h3 Re8 12. Re1 h6 13. Qd2 Qb6 14. Nb3 Be6 15. Rad1 Rad8 16. Be3 Qc7 17. Na4 Qc8 18. Bb6 Rd6 19. Kh2 Nd7 20. Re3 Nce5 21. Qd4 Nc4 22. Rc3 Ndxb6 23. Nxb6 Rxb6 24. Bxd5 Bxd5 25. Qxd5 Rc6 0-1

[Event "SLO-ch U20"]
[Site "Bled"]
[Date "1998.??.??"]
[Round "?"]
[White "Napast, Viktor"]
[Black "Frangez, Simon"]
[Result "1/2-1/2"]
[WhiteElo "1910"]
[BlackElo "2145"]
[PlyCount "40"]
[EventDate "1998.??.??"]
[EventType "swiss"]
[EventRounds "9"]
[EventCountry "SLO"]
[SourceTitle "EXT 2000"]
[Source "ChessBase"]
[SourceDate "1999.11.16"]
[SourceVersion "1"]
[SourceVersionDate "1999.11.16"]
[SourceQuality "1"]

1. e4 e6 2. d4 d5 3. exd5 exd5 4. Bd3 Nc6 5. c3 Bd6 6. Ne2 h6 7. 0-0 Nf6 8. Bf4 0-0 9. Nd2 Bg4 10. f3 Be6 11. Re1 Nh5 12. Bxd6 Qxd6 13. Nf1 Rfe8 14. Qd2 Re7 15. Nfg3 Nxg3 16. Nxg3 Rae8 17. Re2 Bd7 18. Rae1 Qf6 19. Bc2 Na5 20. b3 b6 1/2-1/2

[Event "SLO-ch U20"]
[Site "Bled"]
[Date "1998.??.??"]
[Round "?"]
[White "Napast, Viktor"]
[Black "Glavac, Igor"]
[Result "1-0"]
[WhiteElo "1910"]
[BlackElo "1735"]
[PlyCount "51"]
[EventDate "1998.??.??"]
[EventType "swiss"]
[EventRounds "9"]
[EventCountry "SLO"]
[SourceTitle "EXT 2000"]
[Source "ChessBase"]
[SourceDate "1999.11.16"]
[SourceVersion "1"]
[SourceVersionDate "1999.11.16"]
[SourceQuality "1"]

1. e4 c5 2. Nc3 Nc6 3. g3 g6 4. Bg2 Bg7 5. d3 d6 6. Be3 e6 7. Qd2 Nge7 8. Bh6 0-0 9. h4 Re8 10. h5 gxh5 11. Bxg7 Kxg7 12. Rxh5 Ng6 13. Qh6+ Kg8 14. Nf3 Qf6 15. 0-0-0 Qg7 16. Qe3 f6 17. Rdh1 Nf8 18. Rh6 Re7 19. Qf4 Ne5 20. Nxe5 fxe5 21. Qe3 a6 22. f4 Kf7 23. f5 exf5 24. exf5 Rd7 25. f6 Qh8 26. Qg5 1-0

[Event "SLO-ch U20"]
[Site "Bled"]
[Date "1998.??.??"]
[Round "?"]
[White "Napast, Viktor"]
[Black "Lampic, Gorazd"]
[Result "1-0"]
[WhiteElo "1910"]
[BlackElo "2070"]
[PlyCount "69"]
[EventDate "1998.??.??"]
[EventType "swiss"]
[EventRounds "9"]
[EventCountry "SLO"]
[SourceTitle "EXT 2000"]
[Source "ChessBase"]
[SourceDate "1999.11.16"]
[SourceVersion "1"]
[SourceVersionDate "1999.11.16"]
[SourceQuality "1"]

1. e4 d5 2. exd5 Nf6 3. d4 Qxd5 4. Nf3 Bg4 5. Be2 Ne4 6. 0-0 Nc6 7. Nc3 Nxc3 8. bxc3 e6 9. c4 Qa5 10. Bd2 Qa4 11. c3 Qa3 12. d5 Na5 13. Nd4 Bxe2 14. Qxe2 0-0-0 15. dxe6 fxe6 16. Nxe6 Re8 17. Qg4 Kb8 18. Bf4 Bd6 19. Bxd6 Qxd6 20. Rfe1 g6 21. c5 Qd2 22. Qd4 Qc2 23. Qd7 Qxc3 24. Qxc7+ Ka8 25. Qd6 Rxe6 26. Qxe6 Nc6 27. Rad1 Qxc5 28. Qd7 Nb8 29. Qd4 Qc8 30. h3 Rf8 31. Rc1 Qf5 32. Re5 Qf7 33. Qe3 Nc6 34. Re6 Nd4 35. Re7 1-0